Temas relevantes no direito de energia elťrica Tomo VII

Bibliographic Details
Main Author: da Rocha, Fb̀io Amorim
Format: eBook
Language:Portuguese
Published: Rio de Janeiro: Synergia Editora, 2018
Subjects:
Online Access:Acceso restringido

MARC

LEADER 00000nam a22000007a 4500
005 20190819163212.0
007 cr|||| ||||
008 190819s2018 br |||||s|||| 00||0 por d
020 |a 978-85 -68483-95-4 
035 |a 24118 
040 |a vLex 
090 |c 9234  |d 9234 
100 1 |a da Rocha, Fb̀io Amorim 
245 1 0 |a Temas relevantes no direito de energia elťrica  |h [Recurso electrn̤ico] /  |c Fb̀io Amorim da Rocha  |n Tomo VII 
256 |a Servicio en ln̕ea 
260 |a Rio de Janeiro:  |b Synergia Editora,  |c 2018 
300 |a 1 recurso electrn̤ico 
500 |a Este TOMO VII transita pelos vr̀ios ramos do Direito no que se relacionam com os temas referentes ao Direito de Energia Elťrica. Nele, os autores se debruȧm com exm̕io, sobre matřias de ordem constitucional, administrativa, tributr̀ia, civil, regulatr̤ia e criminal, fazendo com que tenhamos uma visô especf̕ica na interaȯ̂ multidisciplinar que afeta o Direito de Energia moderno. Traz-se nesta Obra (sim, com letra mais︢cula) ao debate e ao conhecimento dos estudiosos do Direito em geral, temas nô s ̤relevantes, mas tambm̌ palpitantes, relacionados com o Direito de Energia Elťrica, que certamente levarô a um melhor desenvolvimento do “Setor de Energia Elťrica”. Os diversos artigos sobre o Direito de Energia Elťrica – de autoria da nova e talentosa geraȯ̂ de juristas e advogados desse fants̀tico setor da economia contidos nesta obra –, apresentam nô s ̤os problemas e as queste̳s atuais afetas ao referido setor, mas as possv̕eis soluė̳s no campo jurd̕ico. Esta obra, que traz em seu timô o jurista e advogado Fb̀io Amorim, amplia o campo de estudos em Direito de Energia Elťrica, estendendo-os a provn̕cias mais amplas que margeiam o Setor Elťrico. 
506 1 |a Disponible solo en los productos indicados  |d vLex Global  |d vLex Global (Academic Edition, excluding Law Schools)  |d vLex Global (U.S. Academic Edition, Law Schools)  |d vLex Global (U.S. Academic Edition, excluding Law Schools)  |d vLex Global (Academic Edition, Law Schools) 
650 0 4 |a Energa̕  |z Brasil 
650 0 4 |a Electricidad  |z Brasil 
740 0 |a vLex Libros (Servicio en ln̕ea) 
856 4 0 |u http://vlex.com/source/temas-relevantes-no-direito-de-energia-eletrica-tomo-vii-24118  |z Acceso restringido 
942 |c BOOK 
999 0 |a Energy 
999 0 |a Electricity